[Event "GBR-ch105 Major Open"]
[Site "Hull"]
[Date "2018.07.30"]
[Round "3"]
[White "Warren, Alexander"]
[Black "Tomy, Jeff"]
[Result "1/2-1/2"]
[WhiteElo "2011"]
[BlackElo "1683"]
[PlyCount "80"]
[EventDate "2018.07.28"]
[EventType "swiss"]
[EventRounds "9"]
[EventCountry "GBR"]
[SourceTitle "CBM 185 Extra"]
[Source "ChessBase"]
[SourceDate "2018.06.29"]
[SourceVersion "1"]
[SourceVersionDate "2018.06.29"]
[SourceQuality "1"]

1. d4 d5 2. Bf4 Nf6 3. e3 e6 4. Nf3 c5 5. c3 Nc6 6. Nbd2 Bd6 7. Bg3 O-O 8. Bd3
b6 9. e4 dxe4 10. Nxe4 Nxe4 11. Bxe4 Bb7 12. dxc5 Bxc5 13. O-O h6 14. b4 Be7
15. Qe2 Bf6 16. Rfd1 Qc8 17. Rac1 Rd8 18. Rxd8+ Qxd8 19. h3 Qe7 20. a4 Rc8 21.
b5 Qa3 22. Rd1 Na5 23. Rd7 Bxe4 24. Qxe4 Qxc3 25. Rxa7 g6 26. Be5 Bxe5 27. Nxe5
Qc1+ 28. Kh2 Rc7 29. Ra8+ Kg7 30. Nd3 Qc3 31. Qe5+ Qxe5+ 32. Nxe5 Kf6 33. Ng4+
Kg7 34. Rb8 Rb7 35. Rc8 Nb3 36. Ne3 Ra7 37. Rb8 Rxa4 38. Rxb6 Nd4 39. Rb7 Rb4
40. b6 Kf8 1/2-1/2

[Event "GBR-ch105 Major Open"]
[Site "Hull"]
[Date "2018.07.30"]
[Round "3"]
[White "Watson, Steven L"]
[Black "Milewska, Agnieszka"]
[Result "1/2-1/2"]
[WhiteElo "1613"]
[BlackElo "1778"]
[PlyCount "94"]
[EventDate "2018.07.28"]
[EventType "swiss"]
[EventRounds "9"]
[EventCountry "GBR"]
[SourceTitle "CBM 185 Extra"]
[Source "ChessBase"]
[SourceDate "2018.06.29"]
[SourceVersion "1"]
[SourceVersionDate "2018.06.29"]
[SourceQuality "1"]

1. e4 e5 2. Nf3 Nc6 3. Bb5 d6 4. d4 exd4 5. Nxd4 Bd7 6. Nxc6 Bxc6 7. Bxc6+ bxc6
8. c4 Nf6 9. Nc3 g6 10. O-O Bg7 11. Bg5 O-O 12. Qd2 Re8 13. Rae1 Rb8 14. b3 Qd7
15. f4 Nh5 16. f5 Bxc3 17. Qxc3 Re5 18. g4 Ng7 19. Bf6 Rbe8 20. Bxe5 Rxe5 21.
Qh3 Qd8 22. fxg6 hxg6 23. Qe3 d5 24. Qxa7 Rxe4 25. Qf2 Rxg4+ 26. Kh1 Qd7 27. c5
Nf5 28. a4 d4 29. a5 Ne3 30. Rxe3 dxe3 31. Qxe3 Qd5+ 32. Qf3 Rb4 33. Qxd5 cxd5
34. a6 Rxb3 35. Ra1 Rb8 36. Kg2 c6 37. Kf3 f5 38. Ke3 Kf7 39. Kd4 Ke6 40. a7
Ra8 41. Ra6 Kd7 42. Ke5 Kc7 43. h4 Kb7 44. Rb6+ Kxa7 45. Rxc6 Rh8 46. Rxg6 Rxh4
47. Kxd5 Rh1 1/2-1/2

[Event "GBR-ch105 Major Open"]
[Site "Hull"]
[Date "2018.07.30"]
[Round "3"]
[White "Whitehead, Mark A"]
[Black "Kirupakaran, Vishnu"]
[Result "1-0"]
[WhiteElo "1906"]
[BlackElo "1812"]
[PlyCount "77"]
[EventDate "2018.07.28"]
[EventType "swiss"]
[EventRounds "9"]
[EventCountry "GBR"]
[SourceTitle "CBM 185 Extra"]
[Source "ChessBase"]
[SourceDate "2018.06.29"]
[SourceVersion "1"]
[SourceVersionDate "2018.06.29"]
[SourceQuality "1"]

1. e4 c5 2. Nc3 d6 3. g3 g6 4. Bg2 Bg7 5. d3 Nc6 6. Nge2 Rb8 7. O-O b5 8. a3 e6
9. Nf4 Nge7 10. h4 Nd4 11. Nce2 e5 12. c3 Nxe2+ 13. Nxe2 Bg4 14. f3 Bd7 15. Be3
O-O 16. b4 Qc7 17. Qd2 a6 18. Rac1 Be6 19. d4 c4 20. f4 f5 21. fxe5 dxe5 22. d5
Rbd8 23. Rcd1 fxe4 24. Rxf8+ Bxf8 25. d6 Qc6 26. dxe7 Rxd2 27. exf8=Q+ Kxf8 28.
Rxd2 Bg4 29. Kh2 Bf3 30. Ng1 Kg7 31. Bh3 Qf6 32. Bg5 Qb6 33. Rd7+ Kf8 34. Be7+
Ke8 35. Bc5 Qf6 36. Rd6 Qf7 37. Re6+ Kd8 38. Bb6+ Kc8 39. Rf6+ 1-0

[Event "GBR-ch105 Major Open"]
[Site "Hull"]
[Date "2018.07.30"]
[Round "3"]
[White "Wilson, Matthew R"]
[Black "Forster, Matthew"]
[Result "1/2-1/2"]
[WhiteElo "1816"]
[BlackElo "1940"]
[PlyCount "78"]
[EventDate "2018.07.28"]
[EventType "swiss"]
[EventRounds "9"]
[EventCountry "GBR"]
[SourceTitle "CBM 185 Extra"]
[Source "ChessBase"]
[SourceDate "2018.06.29"]
[SourceVersion "1"]
[SourceVersionDate "2018.06.29"]
[SourceQuality "1"]

1. e4 c5 2. Nf3 g6 3. d4 cxd4 4. Qxd4 Nf6 5. e5 Nc6 6. Qa4 Nd5 7. c4 Nc7 8. Bf4
Bg7 9. Nc3 O-O 10. Be2 a6 11. O-O b5 12. cxb5 axb5 13. Qe4 Ba6 14. Nd5 Kh8 15.
Rfd1 Ne8 16. Nb4 f5 17. Qxc6 dxc6 18. Rxd8 Rxd8 19. Nxa6 h6 20. Rc1 g5 21. Be3
f4 22. Bc5 Ra8 23. Nb4 g4 24. Nh4 Kg8 25. Bxg4 Bxe5 26. Ng6 Bxb2 27. Rb1 Bf6
28. Nxf8 Kxf8 29. Rd1 Nc7 30. g3 fxg3 31. hxg3 Kf7 32. Bh5+ Kf8 33. Bg4 Kf7 34.
Be3 Ra4 35. Nxc6 Rxg4 36. Bxh6 Ra4 37. Nd8+ Kg6 38. Bf4 e5 39. Be3 Rxa2 1/2-1/2

[Event "GBR-ch105 Major Open"]
[Site "Hull"]
[Date "2018.07.30"]
[Round "3"]
[White "Yoon, Jacob D"]
[Black "Cusick, Peter W"]
[Result "0-1"]
[WhiteElo "2039"]
[BlackElo "1947"]
[PlyCount "121"]
[EventDate "2018.07.28"]
[EventType "swiss"]
[EventRounds "9"]
[EventCountry "GBR"]
[SourceTitle "CBM 185 Extra"]
[Source "ChessBase"]
[SourceDate "2018.06.29"]
[SourceVersion "1"]
[SourceVersionDate "2018.06.29"]
[SourceQuality "1"]

1. e4 c6 2. Nc3 d5 3. Nf3 Bg4 4. h3 Bxf3 5. Qxf3 e6 6. d4 dxe4 7. Nxe4 Nd7 8.
Bf4 Ndf6 9. Nxf6+ Nxf6 10. O-O-O Qd5 11. Qxd5 cxd5 12. Kb1 O-O-O 13. Bd3 Bd6
14. Bg5 Be7 15. Rhf1 h6 16. Bc1 h5 17. g3 g6 18. Rfe1 Ne8 19. f4 Nd6 20. g4
hxg4 21. hxg4 Bf6 22. c3 Rh4 23. f5 gxf5 24. gxf5 Nxf5 25. Bxf5 exf5 26. Rf1
Rh5 27. Rf3 Kd7 28. Rdf1 Ke6 29. Bf4 Rdh8 30. Re1+ Kd7 31. Be5 Rh1 32. Rfe3
Bxe5 33. Rxe5 Rxe1+ 34. Rxe1 Re8 35. Rf1 Ke6 36. a4 Kf6 37. Rf2 Re4 38. Kc2 f4
39. Kd3 Kf5 40. Re2 Rxe2 41. Kxe2 Ke4 42. Kf2 a5 43. Ke2 f3+ 44. Kf2 b6 45. Kf1
Ke3 46. Ke1 f2+ 47. Kf1 f6 48. b4 Kd3 49. Kxf2 Kxc3 50. bxa5 bxa5 51. Ke3 f5
52. Kf4 Kxd4 53. Kxf5 Ke3 54. Ke5 d4 55. Kd5 d3 56. Kc5 d2 57. Kb5 d1=Q 58.
Kxa5 Kd4 59. Kb5 Qb3+ 60. Ka5 Kc5 61. Ka6 0-1

[Event "GBR-ch105 Major Open"]
[Site "Hull"]
[Date "2018.07.31"]
[Round "4"]
[White "Anilkumar, Anantha P"]
[Black "Davis, Holden"]
[Result "1/2-1/2"]
[WhiteElo "1903"]
[BlackElo "1782"]
[PlyCount "49"]
[EventDate "2018.07.28"]
[EventType "swiss"]
[EventRounds "9"]
[EventCountry "GBR"]
[SourceTitle "CBM 185 Extra"]
[Source "ChessBase"]
[SourceDate "2018.06.29"]
[SourceVersion "1"]
[SourceVersionDate "2018.06.29"]
[SourceQuality "1"]

1. d4 Nf6 2. c4 c5 3. d5 b5 4. a4 bxc4 5. Nc3 d6 6. e4 Nbd7 7. f4 Rb8 8. Nf3 e6
9. dxe6 fxe6 10. Bxc4 Nb6 11. Bb5+ Bd7 12. e5 Nfd5 13. exd6 Nxc3 14. bxc3 Bxb5
15. axb5 Qxd6 16. O-O c4 17. Qe2 Nd5 18. Ra6 Rb6 19. Ba3 Qxa3 20. Rxa3 Bxa3 21.
Qxc4 O-O 22. Ra1 Rxf4 23. Qc8+ Rf8 24. Qd7 Bc5+ 25. Kh1 1/2-1/2

[Event "GBR-ch105 Major Open"]
[Site "Hull"]
[Date "2018.07.31"]
[Round "4"]
[White "Boswell, Jacob Connor"]
[Black "Stoyanov, Viktor"]
[Result "0-1"]
[WhiteElo "1992"]
[BlackElo "2177"]
[PlyCount "42"]
[EventDate "2018.07.28"]
[EventType "swiss"]
[EventRounds "9"]
[EventCountry "GBR"]
[SourceTitle "CBM 185 Extra"]
[Source "ChessBase"]
[SourceDate "2018.06.29"]
[SourceVersion "1"]
[SourceVersionDate "2018.06.29"]
[SourceQuality "1"]

1. e4 c5 2. Nf3 d6 3. d4 cxd4 4. Nxd4 Nf6 5. Nc3 a6 6. Be3 e5 7. Nb3 Be6 8. Be2
Nbd7 9. O-O Be7 10. f4 Rc8 11. f5 Bc4 12. Bxc4 Rxc4 13. Nd2 Rc8 14. Nd5 Nxd5
15. exd5 Nf6 16. c4 O-O 17. a4 b5 18. axb5 axb5 19. b3 Ra8 20. Qc2 Ng4 21. Ba7
Rxa7 0-1

[Event "GBR-ch105 Major Open"]
[Site "Hull"]
[Date "2018.07.31"]
[Round "4"]
[White "Brown, Tom"]
[Black "Nelson, Omowale"]
[Result "1-0"]
[WhiteElo "1781"]
[BlackElo "1966"]
[PlyCount "85"]
[EventDate "2018.07.28"]
[EventType "swiss"]
[EventRounds "9"]
[EventCountry "GBR"]
[SourceTitle "CBM 185 Extra"]
[Source "ChessBase"]
[SourceDate "2018.06.29"]
[SourceVersion "1"]
[SourceVersionDate "2018.06.29"]
[SourceQuality "1"]

1. Nf3 d5 2. d4 Nf6 3. c4 dxc4 4. e3 Bg4 5. Bxc4 e6 6. O-O a6 7. h3 Bh5 8. Nc3
Nc6 9. b3 Bd6 10. Bb2 O-O 11. Be2 Qe7 12. e4 Bxf3 13. Bxf3 e5 14. Ne2 exd4 15.
Nxd4 Qe5 16. g3 Bc5 17. Nxc6 Qxb2 18. Rc1 Bb6 19. e5 bxc6 20. exf6 Rad8 21. Qc2
Qxf6 22. Qxc6 Rd6 23. Qc3 Qg6 24. Kg2 h5 25. Rcd1 Rf6 26. h4 Re8 27. Rd5 Rf5
28. Rfd1 Rxd5 29. Rxd5 Qb1 30. Rg5 g6 31. Bd5 Re1 32. Rxg6+ Qxg6 33. Qxe1 Qf6
34. Bf3 Qb2 35. Bxh5 Kf8 36. Qe2 Qd4 37. Bf3 Bc5 38. h5 Kg7 39. Be4 Qf6 40.
Qg4+ Kh6 41. Qf3 Qe5 42. Bd3 Bd4 43. Qxf7 1-0

[Event "GBR-ch105 Major Open"]
[Site "Hull"]
[Date "2018.07.31"]
[Round "4"]
[White "Camp, Imogen AL"]
[Black "Gardiner, Eric D"]
[Result "1/2-1/2"]
[WhiteElo "1874"]
[BlackElo "1939"]
[PlyCount "67"]
[EventDate "2018.07.28"]
[EventType "swiss"]
[EventRounds "9"]
[EventCountry "GBR"]
[SourceTitle "CBM 185 Extra"]
[Source "ChessBase"]
[SourceDate "2018.06.29"]
[SourceVersion "1"]
[SourceVersionDate "2018.06.29"]
[SourceQuality "1"]

1. d4 d5 2. c4 dxc4 3. e3 e5 4. Bxc4 exd4 5. exd4 Bd6 6. Nf3 Nf6 7. O-O O-O 8.
Nc3 Nc6 9. h3 h6 10. Be3 Bf5 11. a3 Qd7 12. Nb5 Rad8 13. Nxd6 Qxd6 14. Qd2 Ne4
15. Qe2 Rfe8 16. Rfd1 Qf6 17. Rac1 Nd6 18. Ba2 Rd7 19. d5 Ne5 20. Bd4 Nxf3+ 21.
Qxf3 Qg6 22. Bc3 Be4 23. Qg4 Qxg4 24. hxg4 Bg6 25. Re1 Rde7 26. f3 Rxe1+ 27.
Rxe1 Rxe1+ 28. Bxe1 Kf8 29. Kf2 Ke7 30. Ke3 f6 31. Bg3 Bc2 32. Kd4 Ba4 33. Bb1
b6 34. Bd3 1/2-1/2

[Event "GBR-ch105 Major Open"]
[Site "Hull"]
[Date "2018.07.31"]
[Round "4"]
[White "Cocks, Elliot"]
[Black "Cowan, Richard M"]
[Result "1/2-1/2"]
[WhiteElo "1985"]
[BlackElo "1865"]
[PlyCount "106"]
[EventDate "2018.07.28"]
[EventType "swiss"]
[EventRounds "9"]
[EventCountry "GBR"]
[SourceTitle "CBM 185 Extra"]
[Source "ChessBase"]
[SourceDate "2018.06.29"]
[SourceVersion "1"]
[SourceVersionDate "2018.06.29"]
[SourceQuality "1"]

1. d4 Nf6 2. c4 e6 3. g3 Bb4+ 4. Bd2 c5 5. Bxb4 cxb4 6. Nf3 O-O 7. Bg2 a5 8.
O-O d6 9. a3 bxa3 10. Rxa3 Qc7 11. b3 Na6 12. Nc3 Nb4 13. e4 e5 14. h3 Rd8 15.
Qe2 exd4 16. Nxd4 Qc5 17. Ndb5 Nc6 18. Rfa1 Bd7 19. Qd1 Be6 20. Nc7 Rac8 21.
N7d5 Nd7 22. Qd2 Kf8 23. Ne2 b6 24. Ndf4 Nf6 25. Nd3 Qh5 26. Nef4 Qh6 27. g4 g5
28. Nd5 Bxd5 29. exd5 Ne7 30. Re1 Ng6 31. Raa1 Re8 32. Rxe8+ Rxe8 33. Re1 Rxe1+
34. Qxe1 Nh4 35. Qc3 Qg6 36. Ne1 Nxg2 37. Kxg2 Qe4+ 38. Nf3 Kg7 39. Qd4 Qxd4
40. Nxd4 Ne4 41. Kf3 Nc5 42. Ke3 Kf6 43. Kf3 Ke5 44. Ke3 Kf6 45. Kf3 Kg6 46.
Ke3 h5 47. Kf3 hxg4+ 48. hxg4 Kf6 49. Ke3 Ke5 50. Nf3+ Kf6 51. Nd4 Nd7 52. Nf5
Ke5 53. Nd4 Nc5 1/2-1/2

[Event "GBR-ch105 Major Open"]
[Site "Hull"]
[Date "2018.07.31"]
[Round "4"]
[White "Cooper, John G ENG"]
[Black "Smith, Andrew Philip"]
[Result "1-0"]
[WhiteElo "2192"]
[BlackElo "2102"]
[PlyCount "67"]
[EventDate "2018.07.28"]
[EventType "swiss"]
[EventRounds "9"]
[EventCountry "GBR"]
[SourceTitle "CBM 185 Extra"]
[Source "ChessBase"]
[SourceDate "2018.06.29"]
[SourceVersion "1"]
[SourceVersionDate "2018.06.29"]
[SourceQuality "1"]

1. e4 e5 2. Nf3 d6 3. d4 exd4 4. Nxd4 Nf6 5. Nc3 Be7 6. Be2 O-O 7. O-O Re8 8.
Re1 Bf8 9. Bc4 Nbd7 10. h3 Nb6 11. Bd3 c5 12. Nf3 h6 13. a4 Be6 14. Nd2 c4 15.
Bf1 a5 16. Nf3 Rc8 17. Nd4 Bd7 18. g4 Nh7 19. Bf4 Ng5 20. Bg3 d5 21. e5 Bc5 22.
Bg2 Ne6 23. Nf5 Bc6 24. Nd6 Bxd6 25. exd6 d4 26. Nb5 Nxa4 27. Nxd4 Bxg2 28.
Nxe6 Rxe6 29. Rxe6 fxe6 30. Kxg2 Nxb2 31. Qd4 c3 32. d7 Rc4 33. Qd6 Rc6 34. Qb8
1-0

[Event "GBR-ch105 Major Open"]
[Site "Hull"]
[Date "2018.07.31"]
[Round "4"]
[White "Cusick, Peter W"]
[Black "Rocco, Federico"]
[Result "0-1"]
[WhiteElo "1947"]
[BlackElo "2140"]
[PlyCount "80"]
[EventDate "2018.07.28"]
[EventType "swiss"]
[EventRounds "9"]
[EventCountry "GBR"]
[SourceTitle "CBM 185 Extra"]
[Source "ChessBase"]
[SourceDate "2018.06.29"]
[SourceVersion "1"]
[SourceVersionDate "2018.06.29"]
[SourceQuality "1"]

1. d4 Nf6 2. Nf3 g6 3. g3 Bg7 4. Bg2 O-O 5. O-O d6 6. c4 Nc6 7. Nc3 a6 8. h3
Rb8 9. e4 b5 10. cxb5 axb5 11. Re1 Nd7 12. Bg5 h6 13. Be3 Na5 14. b3 c5 15. Rc1
c4 16. b4 Nc6 17. Rb1 Ba6 18. a4 Qc7 19. Qc2 e5 20. Red1 exd4 21. Nxd4 Nxd4 22.
Bxd4 Bxd4 23. Rxd4 Ne5 24. Nd5 Qa7 25. Qc3 f5 26. exf5 Rxf5 27. Rf4 Rbf8 28.
axb5 Bxb5 29. Ra1 Qg7 30. Rxf5 Rxf5 31. Ra8+ Kh7 32. Qe3 Bc6 33. Rd8 Nf7 34.
Ne7 Nxd8 35. Nxc6 Nxc6 36. Bxc6 d5 37. b5 d4 38. Qc1 d3 39. Be4 Rxb5 40. h4 Re5
0-1

[Event "GBR-ch105 Major Open"]
[Site "Hull"]
[Date "2018.07.31"]
[Round "4"]
[White "Dawson, Euan"]
[Black "Thatte, Nishchal"]
[Result "1-0"]
[WhiteElo "1785"]
[BlackElo "1748"]
[PlyCount "155"]
[EventDate "2018.07.28"]
[EventType "swiss"]
[EventRounds "9"]
[EventCountry "GBR"]
[SourceTitle "CBM 185 Extra"]
[Source "ChessBase"]
[SourceDate "2018.06.29"]
[SourceVersion "1"]
[SourceVersionDate "2018.06.29"]
[SourceQuality "1"]

1. e4 e6 2. d3 d5 3. Qe2 Nf6 4. Nf3 Be7 5. g3 c5 6. Bg2 Nc6 7. O-O b6 8. e5 Nd7
9. c4 d4 10. h4 Bb7 11. Re1 h6 12. h5 Qc7 13. Bf4 O-O-O 14. Na3 a6 15. Nc2 Rdg8
16. a3 g6 17. hxg6 Rxg6 18. b4 h5 19. bxc5 bxc5 20. Rab1 Rhg8 21. Rb2 h4 22.
Reb1 Ba8 23. Qe4 Qa7 24. Qe1 Rg4 25. Kf1 R4g7 26. Qe2 Nf8 27. Nce1 Ng6 28. Bh6
Rh7 29. Bd2 h3 30. Bh1 Nf8 31. Nh2 Ng6 32. f4 Bd8 33. Nef3 Nh8 34. Be1 Ng6 35.
Bf2 Nge7 36. Ng5 Rhg7 37. Nxh3 Rh8 38. Bg2 Rgh7 39. Qg4 Nxe5 40. fxe5 Bxg2+ 41.
Kxg2 Rxh3 42. Qxh3 Qa8+ 43. Nf3 Rxh3 44. Rb8+ Qxb8 45. Rxb8+ Kxb8 46. Kxh3 Nf5
47. g4 Ne7 48. Ng5 Ng6 49. Nxf7 Nf4+ 50. Kg3 Nxd3 51. Nxd8 Nxe5 52. Nxe6 d3 53.
Be1 Nxc4 54. Nxc5 d2 55. Bxd2 Nxd2 56. Nxa6+ Ka7 57. Nb4 Nc4 58. g5 Ne5 59. Kf4
Ng6+ 60. Kf5 Ne7+ 61. Ke6 Ng6 62. Kf6 Nh4 63. g6 Nxg6 64. Kxg6 Kb6 65. Kf6 Kb5
66. Ke5 Ka4 67. Nc2 Kb5 68. Kd5 Kb6 69. Kc4 Kb7 70. Kb5 Ka7 71. Nb4 Kb7 72. a4
Ka8 73. a5 Kb7 74. a6+ Ka8 75. Kb6 Kb8 76. Nd5 Ka8 77. Nc7+ Kb8 78. a7+ 1-0

[Event "GBR-ch105 Major Open"]
[Site "Hull"]
[Date "2018.07.31"]
[Round "4"]
[White "Evans, Nicholas Thomas"]
[Black "Yoon, Jacob D"]
[Result "1-0"]
[WhiteElo "1885"]
[BlackElo "2039"]
[PlyCount "77"]
[EventDate "2018.07.28"]
[EventType "swiss"]
[EventRounds "9"]
[EventCountry "GBR"]
[SourceTitle "CBM 185 Extra"]
[Source "ChessBase"]
[SourceDate "2018.06.29"]
[SourceVersion "1"]
[SourceVersionDate "2018.06.29"]
[SourceQuality "1"]

1. d4 d5 2. Nf3 c6 3. e3 e6 4. c4 f5 5. Bd3 Nf6 6. O-O Bd6 7. b3 O-O 8. Ba3 Ne4
9. Bxd6 Qxd6 10. Ne5 Nd7 11. f4 Ndf6 12. c5 Qc7 13. a4 a5 14. Qc2 Bd7 15. Rc1
Be8 16. Nd2 Bh5 17. Rab1 Ra7 18. b4 axb4 19. Rxb4 Rfa8 20. Rcb1 Be8 21. Nxe4
dxe4 22. Bc4 Nd5 23. Bxd5 exd5 24. Qb3 Rb8 25. Rb6 Qc8 26. Qb4 Rba8 27. Rxb7
Rxa4 28. Qb6 Ra1 29. Rxa1 Rxa1+ 30. Kf2 Ra8 31. Re7 Ra2+ 32. Kg3 Kf8 33. Rc7
Qa8 34. Nd7+ Kf7 35. Qxc6 Qa3 36. Ne5+ Kf8 37. Qd6+ Kg8 38. Qe6+ Kf8 39. Qe7+
1-0

[Event "GBR-ch105 Major Open"]
[Site "Hull"]
[Date "2018.07.31"]
[Round "4"]
[White "Forster, Matthew"]
[Black "Karia, Rishul"]
[Result "1-0"]
[WhiteElo "1940"]
[BlackElo "1836"]
[PlyCount "73"]
[EventDate "2018.07.28"]
[EventType "swiss"]
[EventRounds "9"]
[EventCountry "GBR"]
[SourceTitle "CBM 185 Extra"]
[Source "ChessBase"]
[SourceDate "2018.06.29"]
[SourceVersion "1"]
[SourceVersionDate "2018.06.29"]
[SourceQuality "1"]

1. c4 Nf6 2. g3 g6 3. Bg2 Bg7 4. Nc3 d6 5. Nf3 c5 6. O-O Nc6 7. d4 Bf5 8. d5
Nb8 9. Qb3 b6 10. Re1 Ne4 11. Nh4 Nxc3 12. Nxf5 gxf5 13. bxc3 Nd7 14. e4 fxe4
15. Rxe4 Nf6 16. Rh4 Qc7 17. a4 h5 18. Bg5 Ng4 19. Re1 Bf6 20. Bxf6 Nxf6 21.
Bh3 Kf8 22. Qd1 Kg7 23. Qe2 Rae8 24. Qe3 Kg6 25. f4 Ng4 26. f5+ Kf6 27. Bxg4
hxg4 28. Rxg4 Rh5 29. h4 Reh8 30. Rg5 Qd7 31. Kg2 R5h7 32. Qe4 Rh5 33. Qg4 R5h7
34. Rg8 Rxg8 35. Qxg8 Rg7 36. Qh8 Qxf5 37. Rf1 1-0

[Event "GBR-ch105 Major Open"]
[Site "Hull"]
[Date "2018.07.31"]
[Round "4"]
[White "Guha, Chirag"]
[Black "Wilson, Matthew R"]
[Result "1-0"]
[WhiteElo "1912"]
[BlackElo "1816"]
[PlyCount "53"]
[EventDate "2018.07.28"]
[EventType "swiss"]
[EventRounds "9"]
[EventCountry "GBR"]
[SourceTitle "CBM 185 Extra"]
[Source "ChessBase"]
[SourceDate "2018.06.29"]
[SourceVersion "1"]
[SourceVersionDate "2018.06.29"]
[SourceQuality "1"]

1. d4 Nf6 2. c4 e6 3. g3 d5 4. Nf3 Bb4+ 5. Bd2 Be7 6. Bg2 O-O 7. O-O c6 8. Nc3
dxc4 9. a4 Na6 10. Bf4 Nd5 11. Qd2 Nab4 12. Rfd1 Nxf4 13. Qxf4 Nd5 14. Qd2 Bd7
15. Ne5 b5 16. axb5 cxb5 17. Nxd5 exd5 18. Bxd5 Rc8 19. Rxa7 Rc7 20. Nxf7 Qb8
21. Ne5+ Kh8 22. Ra8 Qb6 23. Rxf8+ Bxf8 24. Qf4 Be7 25. Nf7+ Kg8 26. Nd8+ Kh8
27. Qf7 1-0

[Event "GBR-ch105 Major Open"]
[Site "Hull"]
[Date "2018.07.31"]
[Round "4"]
[White "Howell, Oliver W"]
[Black "Collins, Jonathan L"]
[Result "0-1"]
[WhiteElo "1905"]
[BlackElo "1804"]
[PlyCount "78"]
[EventDate "2018.07.28"]
[EventType "swiss"]
[EventRounds "9"]
[EventCountry "GBR"]
[SourceTitle "CBM 185 Extra"]
[Source "ChessBase"]
[SourceDate "2018.06.29"]
[SourceVersion "1"]
[SourceVersionDate "2018.06.29"]
[SourceQuality "1"]

1. Nf3 d6 2. c4 e5 3. g3 Nf6 4. Bg2 g6 5. O-O Bg7 6. Nc3 O-O 7. d4 exd4 8. Nxd4
Re8 9. e3 Nbd7 10. b3 Nc5 11. Bb2 Nfe4 12. Nxe4 Nxe4 13. Qc2 Qe7 14. Nb5 Nf6
15. Rac1 c6 16. Nc3 Bf5 17. Qd2 Rad8 18. Rfd1 Qe6 19. Ba3 Bf8 20. Qe1 Bh3 21.
Bh1 Bg4 22. Ne2 Qf5 23. Rd2 Qa5 24. Bb2 Ne4 25. Bxe4 Rxe4 26. Nd4 Ree8 27. f3
Bh3 28. Rcd1 d5 29. cxd5 Bb4 30. g4 Bxd2 31. Rxd2 Rxd5 32. a3 c5 33. b4 cxb4
34. axb4 Qxb4 35. Kf2 Qd6 36. Kg1 Qa6 37. Kf2 h5 38. Ne2 Qd6 39. Rxd5 Qxh2# 0-1

[Event "GBR-ch105 Major Open"]
[Site "Hull"]
[Date "2018.07.31"]
[Round "4"]
[White "Hussain, Adam"]
[Black "Sivarajasingam, Venetia"]
[Result "0-1"]
[WhiteElo "1557"]
[BlackElo "1843"]
[PlyCount "76"]
[EventDate "2018.07.28"]
[EventType "swiss"]
[EventRounds "9"]
[EventCountry "GBR"]
[SourceTitle "CBM 185 Extra"]
[Source "ChessBase"]
[SourceDate "2018.06.29"]
[SourceVersion "1"]
[SourceVersionDate "2018.06.29"]
[SourceQuality "1"]

1. c4 e6 2. Nc3 d5 3. d4 Be7 4. g3 Nf6 5. Bg2 O-O 6. Nf3 dxc4 7. O-O Nbd7 8. e4
Nb6 9. Qe2 c5 10. Rd1 Qe8 11. a4 cxd4 12. Nxd4 e5 13. Ndb5 Qc6 14. Nd5 Bc5 15.
Nxf6+ Qxf6 16. Nc7 Rb8 17. Nd5 Nxd5 18. exd5 Bd7 19. Be3 Rbc8 20. d6 Bxe3 21.
Qxe3 b6 22. a5 Rfd8 23. axb6 axb6 24. Ra7 Bf5 25. Qxb6 Bd3 26. Qb7 Rb8 27. Qc7
Rxb2 28. Qc5 e4 29. Re7 g6 30. d7 Rbb8 31. Bh3 Kg7 32. Be6 Kh6 33. Bxf7 Qf3 34.
Re1 Rb1 35. Rxb1 Bxb1 36. Qe3+ Qxe3 37. fxe3 c3 38. Rxe4 Bxe4 0-1

[Event "GBR-ch105 Major Open"]
[Site "Hull"]
[Date "2018.07.31"]
[Round "4"]
[White "Janiszewski, Maciej"]
[Black "Jamroz, Viktor"]
[Result "1-0"]
[WhiteElo "2130"]
[BlackElo "1719"]
[PlyCount "47"]
[EventDate "2018.07.28"]
[EventType "swiss"]
[EventRounds "9"]
[EventCountry "GBR"]
[SourceTitle "CBM 185 Extra"]
[Source "ChessBase"]
[SourceDate "2018.06.29"]
[SourceVersion "1"]
[SourceVersionDate "2018.06.29"]
[SourceQuality "1"]

1. e4 e6 2. b3 d5 3. Bb2 Nf6 4. e5 Nfd7 5. Nf3 c5 6. Bb5 a6 7. Bxd7+ Bxd7 8.
O-O b5 9. Qe2 Be7 10. c4 bxc4 11. bxc4 d4 12. d3 Qc7 13. Nbd2 Bc6 14. Ne4 Nd7
15. Bc1 Nxe5 16. Bf4 Nxf3+ 17. Qxf3 e5 18. Bg3 O-O 19. Qf5 Bxe4 20. Qxe4 Bd6
21. Qd5 Kh8 22. Rae1 Rfe8 23. Re2 Re7 24. Qxa8+ 1-0

[Event "GBR-ch105 Major Open"]
[Site "Hull"]
[Date "2018.07.31"]
[Round "4"]
[White "Jayawarna, Nugith"]
[Black "Teh, Eu Wen Aron"]
[Result "0-1"]
[WhiteElo "2013"]
[BlackElo "2286"]
[PlyCount "64"]
[EventDate "2018.07.28"]
[EventType "swiss"]
[EventRounds "9"]
[EventCountry "GBR"]
[SourceTitle "CBM 185 Extra"]
[Source "ChessBase"]
[SourceDate "2018.06.29"]
[SourceVersion "1"]
[SourceVersionDate "2018.06.29"]
[SourceQuality "1"]

1. c4 Nf6 2. Nc3 e6 3. d4 Bb4 4. e3 O-O 5. Nge2 d5 6. a3 Bd6 7. Ng3 c6 8. Bd3
dxc4 9. Bxc4 e5 10. O-O exd4 11. exd4 Nbd7 12. Re1 Nb6 13. Bb3 Nfd5 14. Nce4
Bf4 15. Bc2 Qh4 16. Bxf4 Nxf4 17. Nd6 Nbd5 18. Nxc8 Raxc8 19. Re5 Ng6 20. Ne4
Nxe5 21. dxe5 Rce8 22. g3 Qd8 23. f4 Ne3 24. Qxd8 Rxd8 25. Bb3 Rd3 26. Nc5 Rd2
27. Nxb7 Rxb2 28. Nc5 Rb8 29. e6 fxe6 30. Bxe6+ Kh8 31. Nd7 Rg2+ 32. Kh1 Rbb2
0-1

[Event "GBR-ch105 Major Open"]
[Site "Hull"]
[Date "2018.07.31"]
[Round "4"]
[White "Johnson, Paul A"]
[Black "Sivarajasingam, Shayanna"]
[Result "1-0"]
[WhiteElo "1842"]
[BlackElo "1780"]
[PlyCount "83"]
[EventDate "2018.07.28"]
[EventType "swiss"]
[EventRounds "9"]
[EventCountry "GBR"]
[SourceTitle "CBM 185 Extra"]
[Source "ChessBase"]
[SourceDate "2018.06.29"]
[SourceVersion "1"]
[SourceVersionDate "2018.06.29"]
[SourceQuality "1"]

1. d4 d5 2. Bf4 Nf6 3. e3 c5 4. c3 Nc6 5. Nd2 Qb6 6. Qb3 c4 7. Qc2 g6 8. Ngf3
Bf5 9. Qc1 Nh5 10. Be2 Nxf4 11. exf4 Qc7 12. g3 Bg7 13. Ne5 O-O 14. O-O a5 15.
a4 f6 16. Ng4 e5 17. fxe5 fxe5 18. Nxe5 Nxe5 19. dxe5 Bxe5 20. Nf3 Bf6 21. Qd2
Rad8 22. Nd4 Bh3 23. Rfe1 Qb6 24. Bf1 Bxd4 25. Qxd4 Qxd4 26. cxd4 Bxf1 27. Kxf1
Rf3 28. Red1 Rb3 29. Rd2 Rf8 30. Re1 b5 31. axb5 Rxb5 32. Ra1 Rf3 33. Ke2 Rfb3
34. Ra2 Kf7 35. f4 Kf6 36. Kf2 Kf5 37. Re2 Rd3 38. Re7 h5 39. b4 cxb3 40. Rae2
Kg4 41. Kg2 Kf5 42. Rf7+ 1-0